000 01218nam a2200253Ia 4500
999 _c38575
_d38575
001 4692
003 GE_BSU
005 20190715172551.0
008 181216s2003||||ge |||||||||||||| ||geo||
020 _a9992828781
040 _cGE_BSU
041 _ageo
080 _a616.07(075.8) ტ-37
100 _aტატიშვილი, ნუგზარ
_93227
245 _aშინაგან სნეულებათა დიაგნოსტიკა = Principies of clinicai Diagnosis in internal Medicina :
_bსახელმძღვ. /
_c ნუგზარ ტატიშვილი, ირაკლი ტატიშვილი ; რედ. გ. სიმონია
264 _aთბილისი ;
_bსაქართველოს მაცნე ;
_c2003.
300 _a349 გვ. :
_bილ. ;
_c29 სმ.
504 _aბიბლიოგრ. : გვ. 339
541 _h27ლ.
653 _aშინაგან სნეულებათა დიაგნოსტიკა
700 _aტატიშვილი, ირაკლი
_eავტორი
_93228
700 _a სიმონია, გ.
_eრედაქტორი
_93229
942 _cBK
_2udc